000 00664nam a2200229Ia 4500
003 OSt
005 20220918204311.0
006 a|||||r|||| 00| 0
007 ta
008 220917b |||||||| |||| 00| 0 eng d
024 _a111,954
037 _cTextual
040 _aARTS
_cARTS
_beng
041 _2eng
_aeng
082 _aV5.N56<-M70, L1
100 _aMayer Arno J
_998033
245 0 _aDynamics of counter revolution in Europe 1870-1956
_b an analytic framework
260 _aNew York
_bHarper and Row
_c1971
650 _aEUROPE - HISTORY
_914786
942 _hV5.N56<-M70, L1
_cTEXL
_2CC
999 _c235303
_d235303